000 00332nam a2200133Ia 4500
008 240624s9999 xx 000 0 und d
041 _aeng
082 _a338.7 PAC
100 _aPACKARD DAVID
245 _aHP WAY HOW BILL HEWLETT AND I BUILT OUR
260 _c2006
_aNew York
_bHarperCollins
300 _a256 : p.
365 _c
_b25
999 _c19489
_d19489